000 00299nam a2200121Ia 4500
008 241015s9999 xx 000 0 und d
041 _aeng
082 _a658.155 ARO
100 _aArora
245 _aCredit Risk Analytics With R
260 _bWiley India
_aNew Delhi
_c2023
300 _a440;. P. 23 cm
999 _c41859
_d41859